000 00410nam a2200169Ia 4500
001 23545
005 20260414150944.0
008 260414t2013||||xx |||||||||||||| ||spa||
041 _aESP
082 _a660.2844
_bF36
100 _aFelder, Richard M.
_eAUT
245 0 _aPrincipios elementales de los procesos quĂ­micos
_b
260 _c2013
650 _aTCA
654 _aCII
942 _cLIB
_dJUS
_fJUS
_2ddc
_n
999 _c23545
_d23545